000 00902nas a2200289 4500
001 BR0900448
003 BR-BrBNA
005 20231205113025.0
007 ta
008 230509b bl.|||p| |||| 00| 00por d
040 _aBR-BrBNA
_bpor
_cBiblioteca Nacional de Agricultura
041 _a(Pt)
072 _aE70
100 1 _aTrevisan, N. de B.
100 1 _aQuadros, F.L.F. de
100 1 _aSilva, A.C.F. da
100 1 _aBandinelli, D.G.
100 1 _aAurélio, N.D.
100 1 _aMaixner, A.R.
245 1 _aResultados econômicos da recria de terneiros de corte em pastagem de aveia preta e azevém
650 _aCUSTO DE PRODUÇÃO
650 _aECONOMIA AGRÍCOLA
650 _aPASTAGEM CULTIVADA
773 0 _tPesquisa Agropecuária Gaúcha (Brazil)
_xISSN 0104-9070
_g(2004), v. 10(1-2) p. 66-72
_wBR0900448
909 _a202311
_bLúcia
_c55
_dLúcia Elande
942 _2AGRIS
_n0
_cANA
999 _c201399
_d201399